| 000 | 00999cab a2200253 4500 | ||
|---|---|---|---|
| 001 | ABS45673 | ||
| 008 | 090401t1991 xxu||||| |||| 00| 0 eng d | ||
| 035 | _a(Sirsi) u54406 | ||
| 041 | _aeng | ||
| 100 | _aFogel, S. | ||
| 245 | _aRecent developments in arbitration - I | ||
| 260 | _c1991 | ||
| 350 | _a0 | ||
| 490 |
_aRent Review & Lease Renewal _v12(1) Autumn 1991, 12-20(9) |
||
| 520 | _aExamines several areas of the arbitration process; the proposed Arbitration Bill, appointment of arbitrators and challenges to the appointment, terms of appointment including commitment fees, without prejudice evidence, published accounts as evidence, arbitrators` reasons and costs. | ||
| 650 | _aARBITRATION BILL | ||
| 650 | _aCASINO CASES | ||
| 650 | _aPUBLISHED ACCOUNTS | ||
| 650 | _aRENT REVIEWS | ||
| 650 | _aTERMS OF APPOINTMENT | ||
| 690 | _aMANAGEMENT-DISPUTE AVOIDANCE, MANAGEMENT AND RESOLUTION-DISPUTE MANAGEMENT AND RESOLUTION-ARBITRATION | ||
| 942 | _n0 | ||
| 948 | _c04/03/1997 | ||
| 999 |
_c33349 _d33349 |
||